000 00708nam a2200181Ia 4500
008 151213s9999 xx 000 0 und d
020 _a984-875912-03
082 _a515.63
_b515.63
100 _aমো: এলিয়াছ হোসেন, মো: হাফিজুর রহমান
245 _aটেনসর বিশ্লেষণ
_cমো: এলিয়াছ হোসেন, মো: হাফিজুর রহমান
250 _a2nd
260 _aDhaka
_bTitas Publications
_c2010
300 _a10494 p.
650 _aMathematics
650 _aMathematics
700 _aমো: এলিয়াছ হোসেন, মো: হাফিজুর রহমান
999 _c4860
_d4860